Zborník múzeí Trnavského samosprávneho kraja ...

Bibliographic Details
Other Authors: Čambálová, Daniela (Compiler)
Format: Serial
Language:Slovak
PhysicalDescription:zv. fotogr., obr. 25 cm
Published: Trnava Západoslovenské múzeum
ISBN:8085556162 (brož. : r. 2006)
Subjects:

MARC

LEADER 00000cas a2200000 a 4500
001 vtls009618547
003 SK-MaSNL
005 20260228161143.0
008 090628c20059999xo ar| 0 b0slo
015 |a SNBB2015-(r. 2006) 
020 |a 8085556162 (brož. : r. 2006) 
035 |a TNKK101609 
040 |a TTKJF  |b slo  |c TTKJF  |d SNK  |e AACR2 
041 0 |a slo 
043 |a e-xo--- 
044 |a xo  |c SK 
072 7 |a 069  |x Múzeá. Muzeológia. Múzejníctvo. Výstavy  |2 konspekt 
080 |a 050  |2 2001 
080 |a 069  |2 2001 
080 |a 069.5  |2 2001 
080 |a 902.2  |2 2001 
080 |a (062.552)  |2 2001 
080 |a (437.6)  |2 2001 
245 0 0 |a Zborník múzeí Trnavského samosprávneho kraja ... 
260 |a Trnava  |b Západoslovenské múzeum 
300 |a zv.  |b fotogr., obr.  |c 25 cm 
362 0 |a 2005- 
500 |a Súčasťou názvu je označenie bežného roku 
500 |a Zodp. red. a zostavovateľka: 2006- , Daniela Čambálová 
504 |a Bibliogr. odkazy ; pozn. 
610 1 7 |a Trnavský samosprávny kraj (Slovensko).  |b Úrad  |2 SNKPHeng  |9 139372 
650 0 7 |a múzeá  |2 SNKPH  |9 4119 
650 0 7 |a Museums  |2 SNKPHeng  |9 265072 
650 0 7 |a múzejníctvo  |2 SNKPH  |9 20819 
650 0 7 |a Museum management  |2 SNKPHeng  |9 266374 
650 0 7 |a múzejné zbierky  |2 SNKPH  |9 69988 
650 0 7 |a Museum collections  |2 SNKPHeng  |9 265953 
650 0 7 |a archeologické výskumy  |2 SNKPH  |9 74796 
650 0 7 |a Excavations (archaeology)  |2 SNKPHeng  |9 266742 
651 7 |a Trnavský samosprávny kraj (Slovensko)  |2 SNKPH  |9 146023 
655 7 |a zborníky  |2 SNKPH  |9 70165 
655 7 |a Papers of several authors  |2 SNKPHeng  |9 153738 
700 1 |a Čambálová, Daniela  |4 com  |9 10178 
910 |a ttkjf 
910 |a snmk 
910 |a snk 
919 |a 80-85556-16-2 
999 |c 4501  |d 6431 
952 |0 0  |1 0  |4 0  |7 0  |8 1  |a SNK  |b SNK  |d 2015-11-02  |i snk2015/30061  |l 0  |o snkČSC 3452/2006  |p 17A1045985  |r 2026-02-21 21:04:59  |w 2026-02-21  |y PREZ 
952 |0 0  |1 0  |4 0  |7 0  |8 1  |a SNK  |b SNK  |d 2015-11-02  |i snk2015/30062  |l 0  |o snkČSC 3452/2006 D1  |p 17A1045986  |r 2026-02-21 21:04:59  |w 2026-02-21  |y PREZ